Inferno (Dante) - Statistics

General Stats
  • This quiz has been taken 202 times
  • The average score is 13 of 44
Answer Stats
Hint Answer % Correct
3rd Circle The Gluttonous
73%
1st Circle Limbo
72%
4th Circle The Avaricious and Prodigal
63%
5th Circle The Wrathful
60%
2nd Circle The Lustful
56%
The Unbaptised and The Virtous Pagans
56%
6th Circle Heretics
55%
Styx
54%
3 Against God, Art and Nature
47%
Violence
45%
Fraud
40%
- Walls of Dis
39%
2 Against Self
38%
Lucifer
38%
- Acheron
37%
Judecca
35%
Dark Wood
32%
The Gate of Hell
30%
Thieves
30%
Incontinence
26%
8th Circle Panderers and seducers
25%
Traitor to their Lords and Benefactors
25%
Vestibule The Uncommited
24%
Traitor to their Country
24%
Caina
22%
Cocytus
22%
Flatterers
22%
Malebolge
22%
7th Circle 1 Against Neighbors
21%
Antenora
20%
Phlegethon
18%
Ptolomaea
18%
Simoniacs
18%
Traitor to their Guests
18%
Giants' Well
16%
Hypocrites
15%
Falsifiers
14%
Sorcerers
14%
Sowers of Discord
14%
Traitor to their Kindred
14%
- The Abyss
13%
Barrators
10%
Counsellors of Fraud
6%
Rings
6%
No matching quizzes found
Score Distribution
Percent of People with Each Score
Percentile by Number Answered
Your Score History
You have not taken this quiz